[Event "Florianopolis op 10th"]
[Site "Florianopolis"]
[Date "2024.01.22"]
[Round "3"]
[White "Veloso, Henrique Barbosa"]
[Black "De Sousa, Alex Aecio"]
[Result "1/2-1/2"]
[WhiteElo "2029"]
[BlackElo "1742"]
[PlyCount "68"]
[EventDate "2024.01.20"]
[EventType "swiss"]
[EventRounds "10"]
[EventCountry "BRA"]
[SourceTitle "CB05_2024"]
[SourceDate "2024.01.31"]
[SourceVersion "1"]
[SourceVersionDate "2024.01.31"]
[SourceQuality "1"]

1. d4 Nf6 2. c4 g6 3. Nc3 d5 4. Nf3 Bg7 5. Qb3 dxc4 6. Qxc4 0-0 7. e4 a6 8. Be2 b5 9. Qb3 c5 10. dxc5 Be6 11. Qc2 Nbd7 12. Be3 Rc8 13. Rd1 b4 14. Na4 Qa5 15. b3 Nxc5 16. Nxc5 Nd7 17. Rxd7 Bxd7 18. 0-0 Rc7 19. Bc4 Bb5 20. Bxb5 Qxb5 21. e5 Rfc8 22. e6 Rxc5 23. exf7+ Kf8 24. Bxc5 Qxc5 25. Qe2 a5 26. h4 Bf6 27. Rd1 Kxf7 28. Qa6 Rc6 29. Qa8 Rc8 30. Qb7 Rc7 31. Qb8 Rc8 32. Qf4 Kg7 33. g4 Rf8 34. Qe4 Bxh4 1/2-1/2

[Event "Titled Tuesday intern op 16th Jan Early"]
[Site "Chess.com INT"]
[Date "2024.01.16"]
[Round "11"]
[White "Veloso, Henrique Barbosa"]
[Black "Kabanov, Nikolai"]
[Result "0-1"]
[WhiteElo "2029"]
[BlackElo "2434"]
[PlyCount "136"]
[EventDate "2024.01.16"]
[EventType "swiss (blitz)"]
[EventRounds "11"]
[EventCountry "USA"]
[SourceTitle "CB04_2024"]
[SourceDate "2023.10.16"]
[SourceVersion "1"]
[SourceVersionDate "2023.10.16"]
[SourceQuality "1"]

1. d4 e6 2. c4 b6 3. Nf3 Bb7 4. a3 Nf6 5. Nc3 g6 6. d5 Bg7 7. e4 0-0 8. Be2 d6 9. 0-0 Nbd7 10. h3 Nc5 11. Qc2 a5 12. Be3 Re8 13. b4 axb4 14. axb4 Rxa1 15. Rxa1 Ncxe4 16. Nxe4 Nxe4 17. Bd4 exd5 18. cxd5 Bxd5 19. Bxg7 Kxg7 20. Rd1 Bb7 21. Bb5 Re7 22. Bc6 Bxc6 23. Qxc6 Qe8 24. Qc2 Qb5 25. Nd4 Qxb4 26. Nc6 Qc3 27. Qa4 Re6 28. Nd8 Re5 29. Nc6 Rc5 30. Ne7 Qc2 31. Qd4+ f6 32. Re1 Re5 33. Nd5 Qc5 34. Rxe4 Qxd5 35. Qxd5 Rxd5 36. Re7+ Kf8 37. Rxc7 h5 38. Rc6 b5 39. Rb6 Ke7 40. Rb7+ Ke6 41. Kh2 h4 42. Kg1 Rd1+ 43. Kh2 g5 44. g3 hxg3+ 45. Kxg3 Rb1 46. f3 Rb2 47. h4 gxh4+ 48. Kg4 Ke5 49. Kxh4 Kf4 50. Kh3 f5 51. Rd7 Rd2 52. Rb7 Kxf3 53. Rxb5 d5 54. Rb8 d4 55. Rd8 f4 56. Rd7 d3 57. Rd8 Rd1 58. Kh2 Ke2 59. Re8+ Kd2 60. Kg2 Re1 61. Rd8 Re3 62. Kf2 Kc2 63. Rc8+ Kd1 64. Ra8 d2 65. Ra1+ Kc2 66. Ra2+ Kc1 67. Ra1+ Kb2 68. Rd1 Kc2 0-1

[Event "Titled Tuesday intern op 16th Jan Early"]
[Site "Chess.com INT"]
[Date "2024.01.16"]
[Round "10"]
[White "Veloso, Henrique Barbosa"]
[Black "Ovezdurdiyeva, Jemal"]
[Result "0-1"]
[WhiteElo "2029"]
[BlackElo "2057"]
[PlyCount "62"]
[EventDate "2024.01.16"]
[EventType "swiss (blitz)"]
[EventRounds "11"]
[EventCountry "USA"]
[SourceTitle "CB04_2024"]
[SourceDate "2023.10.16"]
[SourceVersion "1"]
[SourceVersionDate "2023.10.16"]
[SourceQuality "1"]

1. d4 Nf6 2. c4 b6 3. Nf3 Bb7 4. g3 e6 5. Bg2 Be7 6. Nc3 d5 7. 0-0 0-0 8. Ne5 Nbd7 9. Qc2 c5 10. Nxd7 Qxd7 11. dxc5 bxc5 12. Rd1 d4 13. Bxb7 Qxb7 14. Nb1 e5 15. Bg5 Rab8 16. b3 e4 17. Nd2 Rfe8 18. e3 h6 19. Bf4 Rbd8 20. h4 d3 21. Qc3 Ng4 22. h5 Bf6 23. Qa5 Bxa1 24. Rxa1 Rc8 25. Rd1 Qd7 26. Qc3 Qf5 27. f3 exf3 28. Nxf3 Rcd8 29. Qd2 Qxh5 30. Kg2 Qf5 31. Bc7 Nxe3+ 0-1

[Event "Titled Tuesday intern op 16th Jan Late"]
[Site "Chess.com INT"]
[Date "2024.01.16"]
[Round "7"]
[White "Womacka, Mathias"]
[Black "Veloso, Henrique Barbosa"]
[Result "1-0"]
[WhiteElo "2357"]
[BlackElo "2029"]
[PlyCount "39"]
[EventDate "2024.01.16"]
[EventType "swiss (blitz)"]
[EventRounds "11"]
[EventCountry "USA"]
[SourceTitle "CB04_2024"]
[SourceDate "2023.10.16"]
[SourceVersion "1"]
[SourceVersionDate "2023.10.16"]
[SourceQuality "1"]

1. e4 e5 2. Nf3 Nc6 3. Bb5 a6 4. Bxc6 dxc6 5. 0-0 f6 6. d4 exd4 7. Nxd4 c5 8. Ne2 Qxd1 9. Rxd1 Bd6 10. Bf4 Bxf4 11. Nxf4 Ne7 12. Nc3 c6 13. Na4 0-0 14. Nxc5 Kf7 15. Nd7 Bxd7 16. Rxd7 Rfd8 17. Rad1 Ke8 18. Rxd8+ Rxd8 19. Rxd8+ Kxd8 20. Ne6+ 1-0

[Event "Titled Tuesday intern op 09th Jan Early"]
[Site "Chess.com INT"]
[Date "2024.01.09"]
[Round "1"]
[White "Eugene, Floryan"]
[Black "Veloso, Henrique Barbosa"]
[Result "0-1"]
[WhiteElo "2398"]
[BlackElo "2029"]
[PlyCount "94"]
[EventDate "2024.01.09"]
[EventType "swiss (blitz)"]
[EventRounds "11"]
[EventCountry "USA"]
[SourceTitle "CB03_2024"]
[SourceDate "2024.01.17"]
[SourceVersion "1"]
[SourceVersionDate "2024.01.17"]
[SourceQuality "1"]

1. d4 Nf6 2. Nc3 e6 3. Bf4 Be7 4. Nf3 0-0 5. Qd2 b6 6. 0-0-0 Bb7 7. e3 Ne4 8. Nxe4 Bxe4 9. Bd3 Bxd3 10. Qxd3 d5 11. Kb1 Nd7 12. h4 c5 13. g4 c4 14. Qe2 b5 15. g5 a5 16. h5 f5 17. gxf6 Nxf6 18. Rdg1 Kh8 19. Ne5 Bd6 20. h6 g6 21. Bg5 Qc7 22. Bxf6+ Rxf6 23. f4 b4 24. Rh2 a4 25. c3 bxc3 26. bxc3 Rb8+ 27. Ka1 a3 28. Rb1 Rxb1+ 29. Kxb1 Qb6+ 30. Ka1 Qa5 31. Qc2 Bxe5 32. dxe5 Rf8 33. Rh1 Rb8 34. Rb1 Rxb1+ 35. Kxb1 Qb6+ 36. Kc1 Qxe3+ 37. Qd2 Qg1+ 38. Kc2 Qh1 39. Qc1 Qxh6 40. Qxa3 Qxf4 41. Qd6 Qf5+ 42. Kb2 Kg7 43. Qe7+ Qf7 44. Qd6 h5 45. Qd8 Qf2+ 46. Ka3 Qf8+ 47. Qxf8+ Kxf8 0-1

[Event "Titled Tuesday intern op 12th Dec Early"]
[Site "Chess.com INT"]
[Date "2023.12.12"]
[Round "7"]
[White "Klinova, Masha"]
[Black "Veloso, Henrique Barbosa"]
[Result "1-0"]
[WhiteElo "2234"]
[BlackElo "2029"]
[PlyCount "89"]
[EventDate "2023.12.12"]
[EventType "swiss (blitz)"]
[EventRounds "11"]
[EventCountry "USA"]
[SourceTitle "CB51_2023"]
[SourceDate "2023.12.20"]
[SourceVersion "1"]
[SourceVersionDate "2023.12.20"]
[SourceQuality "1"]

1. e4 e5 2. Nf3 Nc6 3. Bc4 Nf6 4. d3 Bc5 5. 0-0 0-0 6. c3 d6 7. a4 a5 8. Be3 Bxe3 9. fxe3 Be6 10. Nbd2 Kh8 11. Qe1 Bxc4 12. Nxc4 Qe7 13. Qg3 Rae8 14. Nh4 g6 15. Rf3 d5 16. exd5 Nxd5 17. d4 exd4 18. exd4 Qe2 19. b3 Qc2 20. Raf1 Qxb3 21. Rxf7 Rxf7 22. Rxf7 Qd1+ 23. Rf1 Qc2 24. Qg5 Qe4 25. Nd2 Qe3+ 26. Qxe3 Rxe3 27. c4 Nde7 28. d5 Ne5 29. Nhf3 Nxf3+ 30. Nxf3 h6 31. Nd4 Re4 32. Ne6 Rxc4 33. Rf8+ Ng8 34. Rc8 c6 35. d6 Rc1+ 36. Kf2 Rd1 37. Rd8 Kh7 38. Nc5 b6 39. Ne4 Kg7 40. Rc8 c5 41. Rc7+ Kf8 42. Ke2 Rd4 43. Ke3 g5 44. g4 Ke8 45. Rg7 1-0

[Event "Piaui-ch final"]
[Site "Teresina"]
[Date "2021.11.18"]
[Round "6"]
[White "Lima Filho, Jose Pacifico"]
[Black "Veloso, Henrique Barbosa"]
[Result "0-1"]
[WhiteElo "1773"]
[BlackElo "1757"]
[PlyCount "46"]
[EventDate "2021.11.11"]
[EventType "tourn"]
[EventRounds "9"]
[EventCountry "BRA"]
[SourceTitle "EXT 2023"]
[Source "ChessBase"]
[SourceDate "2022.10.05"]
[SourceVersion "1"]
[SourceVersionDate "2022.10.05"]
[SourceQuality "1"]

1. d4 Nf6 2. Nf3 d5 3. Bf4 c5 4. c3 Nc6 5. e3 Qb6 6. b3 cxd4 7. exd4 Bf5 8. Nbd2 e6 9. Be2 h6 10. 0-0 Nh5 11. Be3 Nf6 12. c4 Ba3 13. c5 Qc7 14. g3 Bb2 15. Rb1 Bxb1 16. Nxb1 e5 17. dxe5 Nxe5 18. Bb5+ Kf8 19. b4 Rd8 20. Nbd2 g5 21. Nd4 Neg4 22. Qf3 Qe7 23. Re1 Bxd4 0-1